Statistics for Movies By 1 Actor and 1 Actress - Robert De Niro Edition

Click here to take the quiz!

General Stats

  • This quiz has been taken 26 times
  • The average score is 13 of 26

Answer Stats

CastMovie% Correct
Jodie Foster, Harvey KeitelTaxi Driver
88%
Al Pacino, Diane KeatonThe Godfather Part II
83%
Joaquin Phoenix, Zazie BeetzJoker
79%
Al Pacino, Anna PaquinThe Irishman
79%
Juliette Lewis, Nick NolteCape Fear
75%
Bradley Cooper, Jennifer LawrenceSilver Linings Playbook
75%
Al Pacino, Natalie PortmanHeat
71%
Ben Stiller, Teri PoloMeet the Parents
71%
Sharon Stone, Joe PesciGoodfellas
67%
Pam Grier, Robert ForsterJackie Brown
63%
Meryl Streep, Christopher WalkenThe Deer Hunter
63%
Joe Pesci, Cathy MoriartyRaging Bull
58%
Robin Williams, Julie KavnerAwakenings
50%
Harvey Keitel, Amy RobinsonMean Streets
46%
Leonardo DiCaprio, Meryl StreepMarvin's Room
42%
Jennifer Lawrence, Bradley CooperJoy
38%
Bradley Cooper, Abbie CornishLimitless
38%
Christian Bale, Margot RobbieAmsterdam
33%
Cuba Gooding Jr., Charlize TheronMen of Honor
29%
Al Pacino, Carla GuginoRighteous Kill
29%
Will Smith, Angelina JolieShark Tale
29%
Leslie Mann, Harvey KeitelThe Comedian
29%
Michelle Pfeiffer, Tommy Lee JonesThe Family
29%
Marlon Brando, Angela BassetThe Score
29%
Sylvester Stallone, Kim BasingerGrudge Match
21%
Uma Thurman, Christopher WalkenThe War with Grandpa
21%

Score Distribution

Percentile by Number Answered

Percent of People with Each Score

Your Score History

You have not taken this quiz